[Event "XXV Memorial Edoardo Crespi A"]
[Site "Milano ITA"]
[Date "2004.12.07"]
[Round "6"]
[White "Brunelli, Giovanni"]
[Black "Quagliarella, Sabino Remo"]
[Result "1/2-1/2"]
[WhiteElo "1978"]
[BlackElo "2028"]
[PlyCount "107"]
[EventDate "2004.12.04"]

1. e4 d6 2. d4 Nf6 3. Nc3 c6 4. Nf3 Bg4 5. h3 Bh5 6. Bd3 Nbd7 7. Be3 e5 8. g4
Bg6 9. Qe2 Qc7 10. Nh4 exd4 11. Nxg6 hxg6 12. Bxd4 O-O-O 13. O-O-O Ne5 14. f4
Nxd3+ 15. Qxd3 Be7 16. e5 dxe5 17. fxe5 Ne8 18. Qf3 Bg5+ 19. Kb1 Qe7 20. Rhe1
a6 21. Ne4 Bh4 22. Rf1 f6 23. Bb6 Nc7 24. Nd6+ Kb8 25. Qb3 Ka8 26. Bg1 b5 27.
Qe3 Nd5 28. Rxd5 cxd5 29. Qb6 Rxd6 30. exd6 Qb7 31. Rd1 f5 32. Rxd5 fxg4 33.
hxg4 Bd8 34. Qxb7+ Kxb7 35. Rd1 Rh1 36. d7 Kc6 37. c3 Rh4 38. g5 Rg4 39. Bh2
Rxg5 40. Rd6+ Kb7 41. Re6 Rd5 42. Rxg6 Bf6 43. Kc2 Rxd7 44. Rg4 Kc6 45. a4 Rd5
46. axb5+ axb5 47. b3 Rh5 48. Bg1 Rg5 49. Rxg5 Bxg5 50. Kd3 Be7 51. Bd4 g6 52.
Ke4 Bg5 53. c4 bxc4 54. bxc4 1/2-1/2

[Event "XXV Memorial Edoardo Crespi A"]
[Site "Milano ITA"]
[Date "2004.12.07"]
[Round "6"]
[White "Damia, Angelo"]
[Black "Astengo, Marcello"]
[Result "1-0"]
[WhiteElo "2118"]
[BlackElo "2032"]
[PlyCount "119"]
[EventDate "2004.12.04"]

1. e4 e6 2. Nc3 d5 3. Nf3 Nf6 4. exd5 exd5 5. d4 Bb4 6. Qe2+ Ne4 7. Nd2 O-O 8.
Ncxe4 dxe4 9. c3 Nc6 10. Nb3 Bd6 11. Bd2 Bf5 12. g4 Be6 13. O-O-O a5 14. Kb1 b6
15. Qxe4 Ne7 16. Bd3 Ng6 17. d5 Bd7 18. Nd4 Re8 19. Qg2 Nf4 20. Bxf4 Bxf4 21.
h4 Qc8 22. Bf5 Bxf5+ 23. Nxf5 Qa6 24. Qf3 Bd6 25. Rhe1 Bf8 26. Ne3 Re5 27. Qe2
Qxe2 28. Rxe2 Bc5 29. Rde1 Kf8 30. c4 Rae8 31. a3 Re4 32. Ka2 Rf4 33. Kb3 Bxe3
34. Rxe3 Rxe3+ 35. Rxe3 Rxg4 36. h5 h6 37. Kc3 Rf4 38. b4 Rxf2 39. bxa5 bxa5
40. c5 Rf5 41. Kc4 Rxh5 42. d6 cxd6 43. cxd6 Rh1 44. d7 Rc1+ 45. Kb5 Rb1+ 46.
Kc6 Rb8 47. Kc7 Ra8 48. Kb7 Rd8 49. Kc7 Ra8 50. d8=Q+ Rxd8 51. Kxd8 f6 52. Kd7
Kf7 53. Kd6 g5 54. Kd5 Kg6 55. Ke4 h5 56. Rc3 h4 57. Kf3 Kh5 58. Rc5 a4 59. Ra5
Kg6 60. Kg4 1-0

[Event "XXV Memorial Edoardo Crespi A"]
[Site "Milano ITA"]
[Date "2004.12.07"]
[Round "6"]
[White "Dassisti, Alberto"]
[Black "Pulvirenti, Gianni"]
[Result "0-1"]
[WhiteElo "2067"]
[BlackElo "1907"]
[PlyCount "114"]
[EventDate "2004.12.04"]

1. e4 d6 2. Nc3 e5 3. Bc4 Nf6 4. d3 Be7 5. Nf3 Nc6 6. a3 Bg4 7. h3 Bh5 8. g4
Bg6 9. Be3 Qd7 10. Nh4 a6 11. Nf5 Bxf5 12. gxf5 Nd4 13. Nd5 Nxd5 14. Bxd5 c6
15. Ba2 Bf6 16. c3 Nb5 17. a4 Nc7 18. h4 d5 19. Qb3 b5 20. a5 Qe7 21. Bb6 dxe4
22. dxe4 O-O 23. O-O-O Bxh4 24. Rd3 Bg5+ 25. Kb1 Rad8 26. Rhd1 Rxd3 27. Rxd3
Na8 28. Be3 Bxe3 29. fxe3 c5 30. Qd1 c4 31. Rd7 Qc5 32. Ka1 h6 33. Rd8 Qe7 34.
Rd7 Qc5 35. Qd2 Nc7 36. Bb1 Ne8 37. Rd5 Qc7 38. Rd7 Qxa5+ 39. Ba2 Nf6 40. Ra7
Rd8 41. Qc2 Qb6 42. Re7 Qd6 43. Ra7 Kf8 44. Qe2 Qb6 45. Rxf7+ Kxf7 46. Bxc4+
bxc4 47. Qxc4+ Kf8 48. Qa4 Qb5 49. Qa3+ Kg8 50. Ka2 Qc4+ 51. Kb1 Rd1+ 52. Kc2
Qd3+ 53. Kb3 Nxe4 54. Qa5 Qb5+ 55. Qxb5 axb5 56. Kb4 Nd6 57. Kc5 h5 0-1

[Event "XXV Memorial Edoardo Crespi A"]
[Site "Milano ITA"]
[Date "2004.12.07"]
[Round "6"]
[White "Di Donato, Giovanni"]
[Black "Carbone, Lorenzo"]
[Result "1-0"]
[WhiteElo "2142"]
[BlackElo "1908"]
[PlyCount "43"]
[EventDate "2004.12.04"]

1. e4 c5 2. c3 d5 3. exd5 Qxd5 4. d4 cxd4 5. cxd4 Nc6 6. Nf3 Nf6 7. Nc3 Qd8 8.
d5 Nb8 9. Bc4 Bg4 10. O-O Nbd7 11. h3 Bxf3 12. Qxf3 a6 13. Re1 b5 14. Bb3 Nb6
15. Bg5 b4 16. Bxf6 gxf6 17. Ne4 Bg7 18. Nxf6+ Bxf6 19. Qxf6 Rf8 20. d6 Ra7 21.
dxe7 Rxe7 22. Rxe7+ 1-0

[Event "XXV Memorial Edoardo Crespi A"]
[Site "Milano ITA"]
[Date "2004.12.07"]
[Round "6"]
[White "Di Lascio, Savino"]
[Black "Cavatorta, Fosco"]
[Result "0-1"]
[WhiteElo "2000"]
[BlackElo "2031"]
[PlyCount "59"]
[EventDate "2004.12.04"]

1. Nf3 d6 2. g3 e5 3. d3 f5 4. Bg2 Nf6 5. O-O Be7 6. c3 O-O 7. b4 Na6 8. Qb3+
Kh8 9. Nbd2 c6 10. Bb2 Nc7 11. a4 Qe8 12. e4 Qh5 13. b5 Ne6 14. exf5 Nc5 15.
Qc2 Bxf5 16. Ne1 Qg6 17. bxc6 bxc6 18. Bxc6 Rac8 19. Be4 Nfxe4 20. dxe4 Nxe4
21. Nxe4 Bxe4 22. Qe2 Bd5 23. Qc2 Bc4 24. Qxg6 hxg6 25. Nc2 Bxf1 26. Kxf1 Rb8
27. Ra2 d5 28. Nb4 Bc5 29. Na6 Rxf2+ 30. Ke1 0-1

[Event "XXV Memorial Edoardo Crespi A"]
[Site "Milano ITA"]
[Date "2004.12.07"]
[Round "6"]
[White "Dragojlovic, Andjelko"]
[Black "Brunello, Sabino"]
[Result "1/2-1/2"]
[WhiteElo "2298"]
[BlackElo "2258"]
[PlyCount "56"]
[EventDate "2004.12.04"]

1. e4 e5 2. Nc3 Nc6 3. Bc4 Nf6 4. d3 Na5 5. Nge2 c6 6. a4 Nxc4 7. dxc4 d6 8.
Qd3 Be7 9. O-O O-O 10. b3 Nd7 11. Ba3 Nc5 12. Qf3 a6 13. Rad1 Qc7 14. Ng3 g6
15. Qe3 Ne6 16. Nce2 Rd8 17. Kh1 Bg5 18. Qd3 Nc5 19. Qc3 Bf6 20. f4 Bg4 21.
Bxc5 dxc5 22. f5 Rxd1 23. Rxd1 Bxe2 24. Nxe2 Rd8 25. Rf1 Bh8 26. Nc1 b6 27. Qf3
Qe7 28. Nd3 28... Rd4 {...} 1/2-1/2

[Event "XXV Memorial Edoardo Crespi A"]
[Site "Milano ITA"]
[Date "2004.12.07"]
[Round "6"]
[White "Fezza, Davide"]
[Black "Giretti Kanev, Jasen"]
[Result "1/2-1/2"]
[WhiteElo "2083"]
[BlackElo "2182"]
[PlyCount "95"]
[EventDate "2004.12.04"]

1. e4 c6 2. d4 d5 3. exd5 cxd5 4. Bd3 Nc6 5. c3 Nf6 6. Bf4 g6 7. Nd2 Bg7 8.
Ngf3 O-O 9. h3 Nd7 10. O-O Qb6 11. Qb3 Qxb3 12. axb3 f6 13. Bg3 a6 14. b4 e5
15. b5 Ne7 16. dxe5 fxe5 17. Bc2 e4 18. Nd4 Nf5 19. Bb3 Nxd4 20. Bxd5+ Kh8 21.
cxd4 Bxd4 22. Nxe4 Nb6 23. Bb3 Bf5 24. Nd6 axb5 25. Rae1 Nc8 26. Nxf5 gxf5 27.
Be5+ Bxe5 28. Rxe5 Nd6 29. Rd1 Rf6 30. Re7 Rd8 31. Re6 Kg7 32. Rxf6 Kxf6 33.
Rd3 Nf7 34. Rxd8 Nxd8 35. f4 Nc6 36. Bd5 Nd4 37. Kf2 Nc6 38. g4 Nb4 39. g5+ Kg7
40. Bxb7 Nd3+ 41. Ke3 Nxb2 42. Kd4 Nd1 43. Bf3 Nf2 44. h4 Ng4 45. Bc6 Kg6 46.
Bxb5 Kh5 47. Bd3 Kxh4 48. Bxf5 1/2-1/2

[Event "XXV Memorial Edoardo Crespi A"]
[Site "Milano ITA"]
[Date "2004.12.07"]
[Round "6"]
[White "Gabetto, Flaviano"]
[Black "Canova, Luca"]
[Result "0-1"]
[WhiteElo "2128"]
[BlackElo "2047"]
[PlyCount "70"]
[EventDate "2004.12.04"]

1. e4 e5 2. Bc4 Nf6 3. d3 Bc5 4. Nf3 d6 5. O-O Nc6 6. c3 O-O 7. Bb3 h6 8. Re1
Re8 9. Nbd2 a5 10. a4 Ba7 11. Nf1 Ne7 12. Ng3 Ng6 13. Nf5 d5 14. Bxh6 gxh6 15.
Nxh6+ Kg7 16. Ng5 Be6 17. Nxe6+ fxe6 18. exd5 Kxh6 19. dxe6 Kg7 20. Qf3 c6 21.
d4 e4 22. Rxe4 Nxe4 23. Qxe4 Qf6 24. g3 Re7 25. f4 Rf8 26. Re1 Nxf4 27. gxf4
Qxf4 28. Qg2+ Kh8 29. Kh1 Qf3 30. Qxf3 Rxf3 31. Kg2 Rf6 32. h4 Bb8 33. Kh3 Bd6
34. d5 Rg7 35. Re3 Rf1 0-1

[Event "XXV Memorial Edoardo Crespi A"]
[Site "Milano ITA"]
[Date "2004.12.07"]
[Round "6"]
[White "Gandolfi, Gianfranco"]
[Black "Castellano, Fabio Marco"]
[Result "1/2-1/2"]
[WhiteElo "1967"]
[BlackElo "1911"]
[PlyCount "106"]
[EventDate "2004.12.04"]

1. e4 c5 2. Nf3 d6 3. d4 cxd4 4. Nxd4 Nf6 5. Nc3 a6 6. Bg5 e6 7. f4 Qb6 8. Qd2
Nc6 9. O-O-O Nxd4 10. Qxd4 Qxd4 11. Rxd4 h6 12. Bh4 Be7 13. Bc4 b5 14. Bb3 Bb7
15. e5 dxe5 16. fxe5 Nd7 17. Bxe7 Kxe7 18. Re1 Nc5 19. g3 Rad8 20. Rf4 Bc6 21.
Ref1 Rhf8 22. a4 bxa4 23. Bxa4 Bxa4 24. Nxa4 Nxa4 25. Rxa4 Ra8 26. Rf3 Ra7 27.
Rfa3 Rfa8 28. b4 f6 29. exf6+ gxf6 30. b5 a5 31. c4 Kd6 32. Kc2 Kc5 33. Kc3 f5
34. Ra2 Rg7 35. Rxa5 Rxa5 36. Rxa5 Rg4 37. Ra4 Re4 38. Kd3 Rd4+ 39. Ke3 e5 40.
Ra5 f4+ 41. gxf4 exf4+ 42. Kf3 Rxc4 43. Ra6 Kxb5 44. Rxh6 Kc5 45. Re6 Kd5 46.
Re2 Kd6 47. h4 Rc7 48. Kxf4 Re7 49. Rg2 Rf7+ 50. Ke4 Rh7 51. Rg4 Ke6 52. Kf4
Kf6 53. Kg3 Rg7 1/2-1/2

[Event "XXV Memorial Edoardo Crespi A"]
[Site "Milano ITA"]
[Date "2004.12.07"]
[Round "6"]
[White "Giancotti, Eraldo"]
[Black "Facchetti, Gianni"]
[Result "1-0"]
[WhiteElo "2093"]
[BlackElo "2203"]
[PlyCount "59"]
[EventDate "2004.12.04"]

1. d4 Nf6 2. Nf3 d6 3. g3 Nbd7 4. Bg2 e5 5. O-O Be7 6. c4 c6 7. Nc3 Qc7 8. b3
Nf8 9. h3 Ng6 10. Qc2 a6 11. dxe5 dxe5 12. Bg5 O-O 13. Rfd1 Be6 14. Be3 Rad8
15. Ng5 Bc8 16. Na4 Rxd1+ 17. Rxd1 c5 18. Nc3 Rd8 19. Bd5 Nxd5 20. Nxd5 Qd6 21.
Ne4 Qe6 22. Bxc5 Bxc5 23. Nxc5 Qe8 24. Kh2 h5 25. Qd2 Kf8 26. Qb4 Kg8 27. Qb6
Rd7 28. Nxd7 Bxd7 29. Qxb7 Qe6 30. Qxd7 1-0

[Event "XXV Memorial Edoardo Crespi A"]
[Site "Milano ITA"]
[Date "2004.12.07"]
[Round "6"]
[White "Guanciale, Orazio"]
[Black "Nannelli, Paolo"]
[Result "0-1"]
[WhiteElo "2105"]
[BlackElo "2185"]
[PlyCount "46"]
[EventDate "2004.12.04"]

1. f4 g6 2. e4 d6 3. Nf3 Bg7 4. Nc3 Nf6 5. d3 c5 6. g3 Nc6 7. Bg2 O-O 8. h3 Rb8
9. O-O b5 10. Ne2 Bb7 11. g4 Nd7 12. c3 b4 13. Be3 bxc3 14. bxc3 Ba6 15. e5
dxe5 16. Ng5 exf4 17. Bxc6 fxe3 18. Nxf7 Rxf7 19. Bd5 Ne5 20. Nf4 Rb2 21. Qa4
Bb7 22. Bxf7+ Nxf7 23. Qc4 g5 0-1

[Event "XXV Memorial Edoardo Crespi A"]
[Site "Milano ITA"]
[Date "2004.12.07"]
[Round "6"]
[White "Kidane, Robel"]
[Black "Ciciotti, Augusto"]
[Result "1-0"]
[WhiteElo "2095"]
[BlackElo "1925"]
[PlyCount "81"]
[EventDate "2004.12.04"]

1. Nf3 Nf6 2. c4 g6 3. Nc3 Bg7 4. e4 d6 5. d4 O-O 6. Be2 c5 7. O-O cxd4 8. Nxd4
Nc6 9. Be3 Nxd4 10. Bxd4 Bd7 11. f4 Bc6 12. Bf3 Re8 13. Qe2 a5 14. Rfd1 Nd7 15.
Bf2 a4 16. Rac1 Qa5 17. Nd5 Rad8 18. Kh1 Nc5 19. h4 e6 20. Nc3 a3 21. Be1 axb2
22. Qxb2 Na4 23. Qa3 Qc5 24. Qxc5 dxc5 25. Nxa4 Bxa4 26. Rxd8 Rxd8 27. e5 Rd4
28. g3 b6 29. Kg2 h6 30. Kf2 Bf8 31. Ke2 b5 32. Bc6 Rd8 33. Bxb5 Ra8 34. Rb1
Bxb5 35. cxb5 Rxa2+ 36. Kd3 Ra3+ 37. Bc3 g5 38. hxg5 hxg5 39. b6 Ra8 40. b7 Rb8
41. Ba5 1-0

[Event "XXV Memorial Edoardo Crespi A"]
[Site "Milano ITA"]
[Date "2004.12.07"]
[Round "6"]
[White "Martinez, Rolly"]
[Black "Salvador, Roland"]
[Result "1/2-1/2"]
[WhiteElo "2360"]
[BlackElo "2315"]
[PlyCount "31"]
[EventDate "2004.12.04"]

1. c4 c5 2. Nc3 Nc6 3. g3 g6 4. Bg2 Bg7 5. e3 d6 6. Nge2 e5 7. d3 Nge7 8. a3
O-O 9. Rb1 Be6 10. Nd5 Qd7 11. O-O h6 12. Nec3 Kh7 13. b4 Rab8 14. f4 f6 15. b5
Nd8 16. e4 1/2-1/2

[Event "XXV Memorial Edoardo Crespi A"]
[Site "Milano ITA"]
[Date "2004.12.07"]
[Round "6"]
[White "Nardelli, Marco"]
[Black "Sgnaolin, Davide"]
[Result "1/2-1/2"]
[WhiteElo "1999"]
[BlackElo "2125"]
[PlyCount "50"]
[EventDate "2004.12.04"]

1. e4 c5 2. Nf3 Nc6 3. d4 cxd4 4. Nxd4 Nf6 5. Nc3 e5 6. Ndb5 d6 7. Bg5 a6 8.
Na3 b5 9. Bxf6 gxf6 10. Nd5 f5 11. Bd3 Be6 12. c3 Bxd5 13. exd5 Ne7 14. Nxb5
Bg7 15. Na3 O-O 16. O-O e4 17. Bc2 Ng6 18. Qh5 Qf6 19. f4 Ne7 20. Rae1 Rab8 21.
Bb3 a5 22. Rf2 Rfc8 23. Qe2 Rc5 24. Rd1 Qg6 25. Rd2 Kh8 1/2-1/2

[Event "XXV Memorial Edoardo Crespi A"]
[Site "Milano ITA"]
[Date "2004.12.07"]
[Round "6"]
[White "Pepe, Mario"]
[Black "Cazzaniga, Walter"]
[Result "0-1"]
[WhiteElo "2151"]
[BlackElo "2077"]
[PlyCount "94"]
[EventDate "2004.12.04"]

1. e4 e6 2. d3 c5 3. Nf3 Nc6 4. g3 g6 5. Bg2 Bg7 6. O-O Nge7 7. Nbd2 O-O 8. Rb1
d6 9. Re1 Rb8 10. h4 b5 11. h5 b4 12. Nc4 Qc7 13. hxg6 hxg6 14. Bh3 d5 15. exd5
Nxd5 16. Ne3 Nf6 17. Ng4 Nxg4 18. Bxg4 e5 19. Bxc8 Qxc8 20. Re4 f5 21. Rh4 Rb7
22. Kg2 Nd4 23. Nxd4 cxd4 24. Bh6 Qc6+ 25. Kf1 Rc8 26. Rc1 a5 27. Qe2 Bf6 28.
Rh2 Rh7 29. Kg1 Kf7 30. f4 Rch8 31. fxe5 Bg5 32. Bxg5 Rxh2 33. Qxh2 Rxh2 34.
Kxh2 a4 35. b3 Qf3 36. Bf6 Qe2+ 37. Kh3 a3 38. Bd8 Qd2 39. Rf1 Qxc2 40. Rf4
Qxa2 41. Rxd4 Qxb3 42. Bf6 Qa4 43. Rc4 a2 44. Rc7+ Ke6 45. Re7+ Kd5 46. e6 a1=Q
47. Bxa1 Qxa1 0-1

[Event "XXV Memorial Edoardo Crespi A"]
[Site "Milano ITA"]
[Date "2004.12.07"]
[Round "6"]
[White "Petrini, Roberto"]
[Black "Brugo, Marco"]
[Result "1/2-1/2"]
[WhiteElo "2074"]
[BlackElo "1907"]
[PlyCount "60"]
[EventDate "2004.12.04"]

1. e4 e6 2. d4 d5 3. exd5 exd5 4. c4 Nc6 5. Nc3 Nf6 6. Nf3 Bg4 7. Be2 Be7 8.
O-O O-O 9. h3 Bh5 10. Be3 Re8 11. Rc1 h6 12. Re1 Bf8 13. Qb3 Na5 14. Qc2 Bg6
15. Qa4 Nxc4 16. Bxc4 dxc4 17. Qxc4 Nd7 18. Bf4 Rxe1+ 19. Rxe1 c6 20. Bg3 Be7
21. Ne5 Nxe5 22. dxe5 Qf8 23. Qg4 Bb4 24. e6 Re8 25. Kh2 Bd6 26. f4 h5 27.
exf7+ Qxf7 28. Rxe8+ Qxe8 29. Qd1 Qe7 30. Qd4 Qf6 1/2-1/2

[Event "XXV Memorial Edoardo Crespi A"]
[Site "Milano ITA"]
[Date "2004.12.07"]
[Round "6"]
[White "Podini, Francesco"]
[Black "Bosi, Clint"]
[Result "0-1"]
[WhiteElo "2075"]
[BlackElo "1990"]
[PlyCount "62"]
[EventDate "2004.12.04"]

1. e4 d6 2. Nc3 Nf6 3. f4 g6 4. Nf3 Bg7 5. g3 O-O 6. Bg2 Nbd7 7. O-O e5 8. d3
exf4 9. gxf4 c6 10. Qe1 Qc7 11. Qh4 Nh5 12. f5 Ne5 13. Nxe5 dxe5 14. f6 Bh8 15.
Bh6 Re8 16. Rf2 Qb6 17. d4 Qxb2 18. Rd1 Qxc3 19. d5 Qc5 20. Kh1 Qd6 21. Rdf1
cxd5 22. exd5 Bd7 23. Be4 Rac8 24. Bg5 Rc4 25. Re2 Rc3 26. Qf2 Bb5 27. Bf3 Rxf3
28. Qxf3 Bxe2 29. Qxe2 Qxd5+ 30. Kg1 e4 31. Qe3 Qc6 0-1

[Event "XXV Memorial Edoardo Crespi A"]
[Site "Milano ITA"]
[Date "2004.12.07"]
[Round "6"]
[White "Profumo, Alberto"]
[Black "Iudicello, Giovanni"]
[Result "1-0"]
[WhiteElo "2238"]
[BlackElo "2133"]
[PlyCount "107"]
[EventDate "2004.12.04"]

1. Nf3 Nf6 2. g3 g6 3. Bg2 Bg7 4. d4 d6 5. c4 Nbd7 6. Nc3 c6 7. O-O O-O 8. e4
e5 9. b3 Re8 10. h3 exd4 11. Nxd4 Nc5 12. Re1 a5 13. Bf4 Nh5 14. Be3 Nf6 15.
Qc2 Qe7 16. Rad1 Bd7 17. Bf4 Nh5 18. Nxc6 Bxc6 19. Bxd6 Qf6 20. e5 Qg5 21. Bxc5
Bxg2 22. Kxg2 Bxe5 23. Be3 Qf6 24. Nd5 Qc6 25. Qe2 Nf6 26. Qf3 Nxd5 27. Qxd5
Qc7 28. Qb5 Bc3 29. Bb6 Qc6+ 30. Qxc6 bxc6 31. Rxe8+ Rxe8 32. Rd8 Rxd8 33. Bxd8
Kf8 34. Kf3 Ke8 35. Bb6 Kd7 36. g4 Kd6 37. Ke4 Ke6 38. f3 f6 39. a3 f5+ 40.
gxf5+ gxf5+ 41. Kd3 Be1 42. Bd4 Kd6 43. Bc3 Bxc3 44. Kxc3 Ke5 45. b4 axb4+ 46.
axb4 Ke6 47. b5 Kd6 48. bxc6 Kxc6 49. Kd4 Kd6 50. f4 h6 51. c5+ Kc6 52. Ke5
Kxc5 53. Kxf5 Kd6 54. Kg6 1-0

[Event "XXV Memorial Edoardo Crespi A"]
[Site "Milano ITA"]
[Date "2004.12.07"]
[Round "6"]
[White "Rezzonico, Paolo"]
[Black "Mazzini, Antonio"]
[Result "1/2-1/2"]
[WhiteElo "2000"]
[BlackElo "2139"]
[PlyCount "40"]
[EventDate "2004.12.04"]

1. e4 c5 2. c3 Nf6 3. e5 Nd5 4. g3 e6 5. Bg2 d6 6. exd6 Bxd6 7. Nf3 Nc6 8. d4
O-O 9. O-O Qf6 10. dxc5 Bxc5 11. Nbd2 Be7 12. Nb3 h6 13. Qe2 Bd7 14. Nbd4 Rfd8
15. Nxc6 Bxc6 16. Ne5 Bd6 17. Nxc6 bxc6 18. c4 Ne7 19. Be3 Be5 20. Rab1 Bd4
1/2-1/2

[Event "XXV Memorial Edoardo Crespi A"]
[Site "Milano ITA"]
[Date "2004.12.07"]
[Round "6"]
[White "Rossi, Giampiero"]
[Black "Pace, Pietro Dario"]
[Result "0-1"]
[WhiteElo "2022"]
[BlackElo "2130"]
[PlyCount "90"]
[EventDate "2004.12.04"]

1. d4 d5 2. c4 c6 3. cxd5 cxd5 4. Nc3 Nf6 5. Nf3 Nc6 6. Bf4 a6 7. e3 e6 8. Rc1
Bd6 9. Bxd6 Qxd6 10. Bd3 O-O 11. O-O Bd7 12. Qe2 b5 13. b3 g6 14. a4 b4 15. Na2
Na5 16. Qb2 Ne4 17. Bxe4 dxe4 18. Ne5 Be8 19. Nc4 Nxc4 20. Rxc4 a5 21. Qc2 f5
22. Nc1 Bd7 23. Ne2 Rac8 24. Rxc8 Bxc8 25. Rc1 Ba6 26. Qb2 Rc8 27. Rxc8+ Bxc8
28. Qc2 Ba6 29. Nc1 Kf7 30. g3 Ke7 31. Kg2 g5 32. h3 Kd7 33. g4 Qc6 34. Qxc6+
Kxc6 35. f3 Kd5 36. Kf2 exf3 37. Kxf3 Bf1 38. gxf5 exf5 39. Kf2 Ba6 40. Kf3 h5
41. Na2 h4 42. Nc1 f4 43. exf4 gxf4 44. Kxf4 Kxd4 45. Kg4 Kc3 0-1

[Event "XXV Memorial Edoardo Crespi A"]
[Site "Milano ITA"]
[Date "2004.12.07"]
[Round "6"]
[White "Valdivia, Rene"]
[Black "Contin, Daniel"]
[Result "0-1"]
[WhiteElo "2252"]
[BlackElo "2358"]
[PlyCount "40"]
[EventDate "2004.12.04"]

1. d4 Nf6 2. Nf3 b6 3. c4 e6 4. a3 Ba6 5. Qa4 Be7 6. Nc3 Bb7 7. Bg5 Ne4 8. Nxe4
Bxe4 9. Bxe7 Qxe7 10. Nd2 Bb7 11. O-O-O Qh4 12. Nf3 Qxf2 13. d5 Qe3+ 14. Kb1
O-O 15. h4 Qe4+ 16. Ka1 Bxd5 17. Rd4 Bc6 18. Qb3 Qf5 19. Qe3 f6 20. g4 Qc2 0-1

[Event "XXV Memorial Edoardo Crespi A"]
[Site "Milano ITA"]
[Date "2004.12.07"]
[Round "6"]
[White "Zanetti, Alberto"]
[Black "D'Apa, Matteo"]
[Result "1-0"]
[WhiteElo "2210"]
[BlackElo "1973"]
[PlyCount "77"]
[EventDate "2004.12.04"]

1. d4 d5 2. Nf3 c6 3. g3 Nf6 4. Bg2 g6 5. O-O Bg7 6. c4 O-O 7. Nc3 Nbd7 8. cxd5
cxd5 9. Qb3 e6 10. Bf4 Ne8 11. e4 Nb6 12. Rad1 dxe4 13. Nxe4 Nd5 14. Bg5 Qb6
15. Nc3 Qxb3 16. axb3 Nec7 17. Rfe1 f6 18. Bc1 Re8 19. Nd2 Bd7 20. Nc4 Bc6 21.
f4 Rad8 22. Na5 Rb8 23. Ne4 Bf8 24. Bd2 Kf7 25. Bc3 Nb5 26. Bf1 Nd6 27. Nxd6+
Bxd6 28. Nxc6 bxc6 29. Bc4 Bc7 30. Kg2 Bb6 31. b4 Bc7 32. Ra1 Rb7 33. Re2 Re7
34. Rae1 f5 35. b5 Bb8 36. bxc6 Rbc7 37. Ba5 Nb6 38. Bxe6+ Kf8 39. Bb4 1-0

[Event "XXV Memorial Edoardo Crespi A"]
[Site "Milano ITA"]
[Date "2004.12.08"]
[Round "7"]
[White "Aranovitch, Emiliano"]
[Black "Kidane, Robel"]
[Result "1/2-1/2"]
[WhiteElo "2304"]
[BlackElo "2095"]
[PlyCount "116"]
[EventDate "2004.12.04"]

1. e4 c5 2. Nf3 d6 3. c3 Nf6 4. Be2 g6 5. O-O Bg7 6. Bb5+ Bd7 7. Bxd7+ Nbxd7 8.
Qe2 O-O 9. d4 e6 10. e5 dxe5 11. dxe5 Nd5 12. Re1 h6 13. h4 Qc7 14. c4 Ne7 15.
Nc3 a6 16. Bf4 Rad8 17. Rad1 Nc6 18. Ne4 Ndxe5 19. Rxd8 Rxd8 20. Nxe5 Nxe5 21.
Ng3 f6 22. Bxe5 Qxe5 23. Qxe5 fxe5 24. Ne4 b6 25. f3 Kf7 26. Re3 Bf8 27. Rb3
Rb8 28. Ra3 Ra8 29. Rb3 Rb8 30. Kf2 Rb7 31. Ke2 Be7 32. g3 Ke8 33. g4 h5 34. g5
Kd7 35. Ra3 Ra7 36. Nf2 Kc6 37. Re3 Bd6 38. Nd3 Rf7 39. Rxe5 Kd7 40. Re4 b5 41.
b3 b4 42. Ke3 Rf8 43. Kf2 a5 44. Nb2 Rf4 45. Rxf4 Bxf4 46. Nd3 Bd6 47. f4 Ke7
48. Kf3 Kf8 49. Ke4 Kf7 50. Nb2 Ke7 51. Nd3 Kd7 52. Nf2 Bf8 53. Kf3 Be7 54. Ke4
Kc6 55. Nd3 Bd6 56. Kf3 Kd7 57. Ne1 Kc6 58. Ng2 Kd7 1/2-1/2

[Event "XXV Memorial Edoardo Crespi A"]
[Site "Milano ITA"]
[Date "2004.12.08"]
[Round "7"]
[White "Astengo, Marcello"]
[Black "Zanetti, Alberto"]
[Result "0-1"]
[WhiteElo "2032"]
[BlackElo "2210"]
[PlyCount "154"]
[EventDate "2004.12.04"]

1. d4 Nf6 2. c4 e6 3. Nc3 Bb4 4. e3 b6 5. Nge2 Bb7 6. a3 Be7 7. Nf4 O-O 8. Bd3
d5 9. cxd5 exd5 10. Qf3 Re8 11. Bb5 c6 12. Bd3 Bd6 13. O-O Ba6 14. Bxa6 Nxa6
15. Nh5 Nxh5 16. Qxh5 Re6 17. g3 Nc7 18. Bd2 Ne8 19. Rac1 a5 20. Na4 Rc8 21.
Qe2 b5 22. Nc5 Bxc5 23. Rxc5 a4 24. Rfc1 Qd7 25. Bb4 Nd6 26. Qc2 Nc4 27. b3
axb3 28. Qxb3 Ra8 29. Rc3 Rh6 30. Qc2 Re8 31. a4 bxa4 32. Qxa4 Qh3 33. R3xc4
dxc4 34. Re5 Qxh2+ 35. Kf1 Qh3+ 36. Ke1 Rhe6 37. Rc5 Qh1+ 38. Ke2 Rf6 39. Be1
Qf3+ 40. Kd2 h6 41. Qxc4 Ra8 42. Qc2 Re6 43. Qb2 Ree8 44. Qc2 Ra6 45. Rf5 Qe4
46. Qxe4 Rxe4 47. Kd3 Re6 48. Bb4 g6 49. Rf4 f5 50. Rh4 h5 51. Rh1 Ra2 52. Rf1
Kf7 53. Bd2 g5 54. Rb1 h4 55. gxh4 gxh4 56. Rh1 Rh6 57. Kc3 Rh5 58. Rh2 h3 59.
Kd3 Ke6 60. Ke2 Kd5 61. Kd3 Ra3+ 62. Bc3 Rh7 63. f3 Rb3 64. e4+ Ke6 65. Kc4 Rb1
66. d5+ cxd5+ 67. exd5+ Kd6 68. f4 Rc1 69. Kd4 Rd1+ 70. Ke3 Kxd5 71. Bd2 Kc4
72. Ba5 Rd3+ 73. Ke2 Ra3 74. Bd2 Kd4 75. Bc1 Ra2+ 76. Bd2 Ke4 77. Ke1 Kf3 0-1

[Event "XXV Memorial Edoardo Crespi A"]
[Site "Milano ITA"]
[Date "2004.12.08"]
[Round "7"]
[White "Bernago, Federico"]
[Black "Gandolfi, Gianfranco"]
[Result "1-0"]
[WhiteElo "1999"]
[BlackElo "1967"]
[PlyCount "69"]
[EventDate "2004.12.04"]

1. e4 e5 2. Nf3 Nc6 3. Bb5 a6 4. Ba4 Nf6 5. d4 exd4 6. O-O Be7 7. Re1 d6 8.
Nxd4 Bd7 9. Nxc6 Bxc6 10. Bxc6+ bxc6 11. Nc3 O-O 12. f4 d5 13. e5 Bc5+ 14. Kh1
Ne4 15. Nxe4 dxe4 16. Qe2 Qd4 17. Be3 Qxe3 18. Qxe3 Bxe3 19. Rxe3 Rfd8 20. Rxe4
Rd2 21. Rc1 Rad8 22. Kg1 Rd1+ 23. Rxd1 Rxd1+ 24. Kf2 Rd2+ 25. Re2 Rd5 26. Ke3
Kf8 27. Rd2 Rc5 28. b3 Rb5 29. Rd4 Ke7 30. Ra4 Rb6 31. a3 f6 32. Rb4 fxe5 33.
fxe5 Ke6 34. Rxb6 cxb6 35. Ke4 1-0

[Event "XXV Memorial Edoardo Crespi A"]
[Site "Milano ITA"]
[Date "2004.12.08"]
[Round "7"]
[White "Bosi, Clint"]
[Black "Bisignano, Giuseppe"]
[Result "1-0"]
[WhiteElo "1990"]
[BlackElo "1965"]
[PlyCount "79"]
[EventDate "2004.12.04"]

1. e4 e5 2. Nf3 Nc6 3. Bb5 a6 4. Ba4 d6 5. Bxc6+ bxc6 6. d4 exd4 7. Nxd4 Bd7 8.
O-O Ne7 9. c4 g6 10. Nc3 Bg7 11. Bf4 O-O 12. Qd2 Rb8 13. b3 c5 14. Nde2 Nc6 15.
Bh6 Re8 16. Bxg7 Kxg7 17. f3 Ne5 18. Nd5 c6 19. Ndc3 Qe7 20. Rad1 Qh4 21. Qxd6
g5 22. Qxc5 g4 23. f4 Nf3+ 24. gxf3 gxf3 25. Rxf3 Bg4 26. Rg3 Kh8 27. Qg5 Qxg5
28. fxg5 Bxe2 29. Nxe2 Rxe4 30. Nc3 Re5 31. Rd6 Rbe8 32. Rxc6 Re1+ 33. Kg2 Rc1
34. Rxa6 Ree1 35. Rf6 Rg1+ 36. Kh3 Rxg3+ 37. hxg3 Rxc3 38. Rxf7 Rc2 39. a4 Rc3
40. Rb7 1-0

[Event "XXV Memorial Edoardo Crespi A"]
[Site "Milano ITA"]
[Date "2004.12.08"]
[Round "7"]
[White "Brugo, Marco"]
[Black "Rossi, Giampiero"]
[Result "1/2-1/2"]
[WhiteElo "1907"]
[BlackElo "2022"]
[PlyCount "31"]
[EventDate "2004.12.04"]

1. d4 d5 2. c4 e6 3. Nf3 Nf6 4. Nc3 c6 5. e3 Nbd7 6. Bd3 Be7 7. O-O O-O 8. e4
dxe4 9. Nxe4 b6 10. Re1 Bb7 11. Ne5 c5 12. Nxd7 Qxd7 13. Nxf6+ Bxf6 14. Qc2 g6
15. dxc5 bxc5 16. Bh6 1/2-1/2

[Event "XXV Memorial Edoardo Crespi A"]
[Site "Milano ITA"]
[Date "2004.12.08"]
[Round "7"]
[White "Brunello, Sabino"]
[Black "Giancotti, Eraldo"]
[Result "1-0"]
[WhiteElo "2258"]
[BlackElo "2093"]
[PlyCount "67"]
[EventDate "2004.12.04"]

1. e4 d6 2. d4 Nf6 3. Nc3 c6 4. f3 e5 5. Be3 Nbd7 6. Qd2 Qa5 7. O-O-O b5 8. Kb1
b4 9. Nce2 Be7 10. g4 Nb6 11. Nc1 Be6 12. Nb3 Qa4 13. g5 Nfd7 14. Qf2 exd4 15.
Bxd4 c5 16. Be3 Ne5 17. Bc1 Qc6 18. f4 Bxb3 19. axb3 Ned7 20. Bg2 Qb5 21. e5 d5
22. Bxd5 Nxd5 23. Rxd5 Nb6 24. Rd1 a5 25. f5 a4 26. f6 axb3 27. cxb3 Bd8 28.
fxg7 Rg8 29. Ne2 Qa5 30. e6 Qa2+ 31. Kc2 Rxg7 32. Rhf1 c4 33. exf7+ Kf8 34.
Rxd8+ 1-0